00706nam a2200217 i 45000010008000000030004000080050017000120080041000290400017000700820018000871000034001052450075001392500028002142640050002423000034002923360026003263370028003523380027003805040053004076000028004607108656OSt20190405161746.0810206s1900 nyu 000 0 eng d cKSUdUtOrBLW aREF 232bE22L1 aEdersheim, Alfred,d1825-188914aThe life and times of Jesus the Messiah / by the Rev. Alfred Edersheim aEighth edition, revised 1amichigan:bEerdmans Publishing HOuse:cc.1969 a2 volumes ;695p.;vol.1c23 cm atextbtxt2rdacontent aunmediatedbn2rdamedia avolumebnc2rdacarrier a"List of authorities" volume 1, pages [xxi]-xxvi00aJesus ChristvBiography